01011nas a2200277Ia 4500001002800000003001000028008004100038040002500079041001300104100002500117210002200142222002200164245002700186250001100213260000900224501012300233300001400356362003400370500004400404650002700448700001100475942000700486957000600493999003300499952020100532A07/R086-19444 [r000018591]IT-MiCISF161014c99999999xx |||||||||||| ||und|| aIT-MiCISFcIT-MiCISF aITALIANO aD'Agostino Francesco aMedicina e morale aMedicina e morale 0aSessualità€ e diritto a1a ed. c1997 bCISF - Centro Internazionale Studi Famiglia - Via Giotto, 36 20145 MILANO (non commercial uses only)cCopyright 2016 app. 75-87 an. 1, gennaio-febbraio [1997] a Tema: sessualità€, filosofia, diritto asessualità€varticolo aAA.VV. cCR 71 a19444bSig1c225776d225776 0010406A_07_000000000000000_R08619444_R00001859171aCISFbCISFd2016-10-14l0oA07/R086-19444 [r000018591]r2016-10-14 00:00:00w2016-10-14yCRzData import 15.10.2016 / by Epidotti, Vaglietti